00325pam a2200145a 44500008004100000020000900041041001200050082000800062100001400070245005200084250000600136260002100142300000700163650000900170230515b1980 xxu||||| |||| 00| 0 eng d aNULL aENGLISH a630 a9606-1980 aDIMENSIONS OF PANELS AND RACKS (4826 MM SYSTEM) a0 aDELHIbISIc1980 a34 aNULL